El Baix Camp : població, economia i territori / Carles Calleja i Xifré, Gabriel Cortés i Marqués, Joan Veciana ; amb la col·laboració d'Albert González i Algueró població, economia i territori / Carles Calleja i Xifré, Gabriel Cortés i Marqués, Joan Veciana ; amb la col·laboració d'Albert González i Algueró
Descripción Física:
XV, 367 p. : amb map. ; 24 cm
Colección:
Col·lecció Catalunya comarcal
Materias:
Baix Camp -- Condicions econòmiques
MARC
| LEADER | 00000nam a2200000Ia 4500 | ||
|---|---|---|---|
| 001 | 2029 | ||
| 008 | 160829s1986 xx 000 0 cat d | ||
| 080 | |a M-2-9 | ||
| 100 | |a Calleja Xifré, Carles |9 39951 | ||
| 245 | |a El Baix Camp : |b població, economia i territori / Carles Calleja i Xifré, Gabriel Cortés i Marqués, Joan Veciana ; amb la col·laboració d'Albert González i Algueró | ||
| 260 | |a Barcelona : |b Caixa d'Estalvis de Catalunya, |c 1986 | ||
| 300 | |a XV, 367 p. : |b amb map. ; |c 24 cm | ||
| 490 | |a Col·lecció Catalunya comarcal | ||
| 650 | |a Baix Camp |x Condicions econòmiques |9 39952 | ||
| 700 | |a Cortés Marqués, Gabriel |9 39953 | ||
| 700 | |a Veciana i Borràs, Joan |9 39954 | ||
| 700 | |a González i Algueró, Albert |9 39955 | ||
| 901 | |a Arxiu | ||
| 942 | |n 1 | ||
| 952 | |0 0 |1 0 |4 0 |6 M29 |7 1 |9 49314 |a Arxiu |b Arxiu |d 2016-12-01 |l 0 |o M-2-9 |p 2029 |r 2016-12-01 00:00:00 |w 2016-12-01 |y ARXIU | ||
| 999 | |c 53156 |d 53156 | ||